00250nam a22001097a 4500020001800000082001000018100001600028245004000044250001200084260003500096300000900131 a9788132102311 a070.4 aTony Harcup aJournalism principles and practice  a2nd ed. aIndiabSage publicationc2011. a244p